|
|
|
|
| LEADER |
00785nam a22002177a 4500 |
| 001 |
AAL7270 |
| 003 |
BD-DhAAL |
| 008 |
171010b xxu||||| |||| 00| 0 mul d |
| 999 |
|
|
|c 38418
|d 38418
|
| 020 |
|
|
|a 9846431559
|
| 040 |
|
|
|a BD-DhAAL
|c BD-DhAAL
|
| 082 |
|
|
|a 428.2/09/034
|
| 100 |
|
|
|a Ahmed, Sadruddin
|9 22445
|
| 245 |
|
|
|a Learning english :
|b the easy way /
|c Sadruddin Ahmed
|
| 260 |
|
|
|a Dhaka :
|b Friends' Book,
|c 2010
|
| 300 |
|
|
|a 348 p. ;
|c 22 cm.
|
| 541 |
|
|
|e 7270
|
| 650 |
|
|
|a English language--
|x Grammar.
|9 22446
|
| 852 |
|
|
|a Savar Campus Library
|c General Shelf
|
| 942 |
|
|
|2 ddc
|c BK
|
| 952 |
|
|
|0 0
|1 0
|2 ddc
|4 0
|6 428_200000000000000_09_034_AHM
|7 0
|9 61539
|a SCL
|b SCL
|c GEN
|d 2017-10-10
|e Friends' Book Corner
|g 40.00
|l 2
|m 9
|o 428.209034 AHM
|p 3020007270
|r 2020-03-01
|s 2020-01-29
|t 1
|w 2017-10-10
|y BK
|